[Event "GEO-chT"]
[Site "Ureki"]
[Date "2015.10.11"]
[Round "7.1"]
[White "Khomeriki, Nino"]
[Black "Unapkoshvili, Nani"]
[Result "1-0"]
[WhiteElo "2295"]
[BlackElo "2042"]
[PlyCount "89"]
[EventDate "2015.10.05"]
[EventType "team-tourn"]
[EventRounds "7"]
[EventCountry "GEO"]
[SourceTitle "CBM 168 Extra"]
[Source "ChessBase"]
[SourceDate "2015.10.29"]
[SourceVersion "1"]
[SourceVersionDate "2015.10.29"]
[SourceQuality "1"]
[WhiteTeam "Tbilisi"]
[BlackTeam "Kakheti"]
[WhiteTeamCountry "GEO"]
[BlackTeamCountry "GEO"]

1. Nf3 Nf6 2. g3 d5 3. Bg2 e6 4. 0-0 Be7 5. c4 0-0 6. b3 c5 7. Bb2 b6 8. e3 Bb7 9. Nc3 Nc6 10. cxd5 Nxd5 11. Nxd5 exd5 12. d4 cxd4 13. Nxd4 Nxd4 14. Bxd4 Rc8 15. Qg4 f6 16. Rfd1 Kh8 17. Bf1 Qe8 18. Bd3 Qf7 19. Bf5 Rc6 20. Rac1 Bc5 21. Bb2 g6 22. Bd3 Bd6 23. Qh4 Be5 24. Rxc6 Bxc6 25. Ba3 Re8 26. Rc1 Bb7 27. f4 Bb8 28. Bb2 Rxe3 29. Bxf6+ Kg8 30. Rd1 Re6 31. Bd4 Qe7 32. Qh6 Bd6 33. Kf1 Qf8 34. Qh3 Qf7 35. Rd2 Bc5 36. Bb2 Re3 37. Qh4 Be7 38. Qg4 Bb4 39. Rd1 Qf8 40. Bxg6 Qe7 41. Bh5+ Kf8 42. Qf5+ Kg8 43. Be5 Bc6 44. Qc8+ Qf8 45. Qg4+ 1-0

[Event "GEO-chT"]
[Site "Ureki"]
[Date "2015.10.10"]
[Round "6.4"]
[White "Unapkoshvili, Nani"]
[Black "Osmak, Iulija"]
[Result "1-0"]
[WhiteElo "2042"]
[BlackElo "2347"]
[PlyCount "97"]
[EventDate "2015.10.05"]
[EventType "team-tourn"]
[EventRounds "7"]
[EventCountry "GEO"]
[SourceTitle "CBM 168 Extra"]
[Source "ChessBase"]
[SourceDate "2015.10.29"]
[SourceVersion "1"]
[SourceVersionDate "2015.10.29"]
[SourceQuality "1"]
[WhiteTeam "Kakheti"]
[BlackTeam "Samegrelo"]
[WhiteTeamCountry "GEO"]
[BlackTeamCountry "GEO"]

1. d4 d5 2. c4 c6 3. Nf3 Nf6 4. cxd5 cxd5 5. Nc3 Nc6 6. Bf4 a6 7. e3 Bg4 8. h3 Bxf3 9. Qxf3 Qb6 10. Rb1 Ne4 11. Bd3 f5 12. Nxd5 Qa5+ 13. Nc3 Nxc3 14. bxc3 Qxc3+ 15. Ke2 e5 16. Rhc1 Qxd3+ 17. Kxd3 e4+ 18. Qxe4+ fxe4+ 19. Kxe4 Nd8 20. d5 Ba3 21. Rc3 Be7 22. Rc7 Rf8 23. g4 Rf7 24. d6 Bf8 25. Kd5 b5 26. Rbc1 a5 27. R1c5 b4 28. Rc4 Rb8 29. Re4+ Be7 30. Rcxe7+ Rxe7 31. dxe7 b3 32. axb3 Rb5+ 33. Kc4 Rb4+ 34. Kd3 Rxb3+ 35. Kc2 Nb7 36. Bg5 Rb5 37. Bh4 Nd6 38. Rd4 Rb6 39. e4 g5 40. Bxg5 Kf7 41. e5 Ne8 42. f4 Rb5 43. Rd8 Nc7 44. Rf8+ Kg7 45. Bf6+ Kg6 46. f5+ Kh6 47. Rg8 Rc5+ 48. Kb2 Rb5+ 49. Ka2 1-0

[Event "GEO-chT"]
[Site "Ureki"]
[Date "2015.10.07"]
[Round "3.3"]
[White "Kostava, Elene"]
[Black "Unapkoshvili, Nani"]
[Result "0-1"]
[WhiteElo "1775"]
[BlackElo "2042"]
[PlyCount "42"]
[EventDate "2015.10.05"]
[EventType "team-tourn"]
[EventRounds "7"]
[EventCountry "GEO"]
[SourceTitle "CBM 168 Extra"]
[Source "ChessBase"]
[SourceDate "2015.10.29"]
[SourceVersion "1"]
[SourceVersionDate "2015.10.29"]
[SourceQuality "1"]
[WhiteTeam "Ambrolauri"]
[BlackTeam "Kakheti"]
[WhiteTeamCountry "GEO"]
[BlackTeamCountry "GEO"]

1. d4 d6 2. Nf3 g6 3. c4 f5 4. Nc3 Bg7 5. e3 Nc6 6. a3 e5 7. d5 Nce7 8. e4 Nf6 9. Nd2 0-0 10. f3 c6 11. b4 cxd5 12. cxd5 Bd7 13. Be2 Rc8 14. Bb2 fxe4 15. fxe4 Qb6 16. Bf3 Ng4 17. Qe2 Rxc3 18. Bxc3 Bb5 19. Nc4 Bxc4 20. Qb2 Qe3+ 21. Be2 Bxe2 0-1

[Event "Wch U18 Girls"]
[Site "Al Ain"]
[Date "2013.12.23"]
[Round "10"]
[White "Nguyen, Thien Viet"]
[Black "Unapkoshvili, Nani"]
[Result "0-1"]
[WhiteElo "1945"]
[BlackElo "2081"]
[PlyCount "96"]
[EventDate "2013.12.18"]
[EventType "swiss"]
[EventRounds "11"]
[EventCountry "UAE"]
[SourceTitle "CBM 158 Extra"]
[Source "ChessBase"]
[SourceDate "2014.02.28"]
[SourceVersion "1"]
[SourceVersionDate "2014.02.28"]
[SourceQuality "1"]

1. d4 d6 2. c4 g6 3. Nc3 Bg7 4. e4 Nf6 5. f3 0-0 6. Bd3 c5 7. dxc5 dxc5 8. Nge2 Nc6 9. Nd5 e6 10. Nxf6+ Bxf6 11. Qb3 Nd4 12. Nxd4 Bxd4 13. Ke2 Qf6 14. Rb1 e5 15. h4 Qe7 16. Be3 f5 17. Bxd4 exd4 18. Kd2 Qe5 19. Rbe1 f4 20. Kc1 Rb8 21. Qc2 Bd7 22. Kd2 Kh8 23. Rc1 a6 24. Ke2 Rf5 25. Qd2 Rh5 26. Qa5 Qd6 27. Kf2 Bc6 28. a3 Qe7 29. Kg1 b6 30. Qe1 Rg8 31. Rc2 Qg7 32. Qf2 Qh6 33. Rh2 Ba4 34. Re2 g5 35. e5 gxh4 36. e6 h3 37. Qe1 hxg2 38. Rxh5 Qxh5 39. Rxg2 Rxg2+ 40. Kxg2 Bc6 41. Be4 Qe5 42. Qh4 Bxe4 43. Qd8+ Kg7 44. Qe7+ Kh6 45. Kf2 Bg6 46. Qh4+ Bh5 47. Kf1 d3 48. e7 d2 0-1

[Event "Wch U18 Girls"]
[Site "Al Ain"]
[Date "2013.??.??"]
[Round "3"]
[White "Unapkoshvili, Nani"]
[Black "Juhasz, Barbara"]
[Result "0-1"]
[WhiteElo "2081"]
[BlackElo "2152"]
[PlyCount "122"]
[EventDate "2013.12.18"]
[EventType "swiss"]
[EventRounds "11"]
[EventCountry "UAE"]
[SourceTitle "CBM 158 Extra"]
[Source "ChessBase"]
[SourceDate "2014.02.28"]
[SourceVersion "1"]
[SourceVersionDate "2014.02.28"]
[SourceQuality "1"]

1. d4 Nf6 2. c4 g6 3. Nf3 Bg7 4. g3 c6 5. Bg2 d5 6. Qb3 Qb6 7. Nc3 0-0 8. c5 Qxb3 9. axb3 Na6 10. 0-0 Bf5 11. h3 Nd7 12. Bf4 Rfe8 13. Ra5 Bc2 14. Rc1 Be4 15. Nxe4 dxe4 16. Ne5 Nxe5 17. Bxe5 f6 18. Bf4 f5 19. Ra4 e5 20. Bxe5 Bxe5 21. dxe5 Rxe5 22. b4 Nc7 23. e3 a6 24. Rd1 Rd5 25. Rxd5 Nxd5 26. Bf1 Rd8 27. Bc4 Kg7 28. Bb3 Nc7 29. Kf1 Rd2 30. Ra2 Kf6 31. Ke1 Rd8 32. h4 Ke5 33. Ra1 h6 34. Ke2 Kf6 35. Rf1 h5 36. f3 exf3+ 37. Rxf3 Nd5 38. Bxd5 Rxd5 39. Rf4 Ke5 40. Rc4 Ke6 41. e4 Rd8 42. exf5+ gxf5 43. Ke3 Ke5 44. b3 Rd1 45. Rc2 Rd4 46. Rc4 Re4+ 47. Kd3 Rxc4 48. bxc4 f4 49. gxf4+ Kxf4 50. Kd4 Kg4 51. Ke5 Kxh4 52. Kd6 Kg5 53. Kc7 h4 54. Kxb7 h3 55. Kxc6 h2 56. Kb6 h1Q 57. c6 Kf6 58. b5 axb5 59. cxb5 Ke6 60. Ka7 Qa1+ 61. Kb6 Kd6 0-1

[Event "Wch U20 Girls 30th"]
[Site "Athens"]
[Date "2012.08.12"]
[Round "10"]
[White "Unapkoshvili, Nani"]
[Black "Pavlidou, Ekaterini"]
[Result "1/2-1/2"]
[WhiteElo "2011"]
[BlackElo "2237"]
[PlyCount "62"]
[EventDate "2012.08.02"]
[EventType "swiss"]
[EventRounds "13"]
[EventCountry "GRE"]
[SourceTitle "CBM 149 Extra"]
[Source "ChessBase"]
[SourceDate "2012.08.24"]
[SourceVersion "1"]
[SourceVersionDate "2012.08.24"]
[SourceQuality "1"]

1. d4 Nf6 2. c4 e6 3. g3 d5 4. Bg2 Bb4+ 5. Bd2 Bd6 6. Nf3 c6 7. Qc1 0-0 8. 0-0 Nbd7 9. b3 Ne4 10. Bf4 Bxf4 11. gxf4 f5 12. Nbd2 Qf6 13. Ne5 Nxe5 14. fxe5 Qe7 15. Nxe4 fxe4 16. Qe3 b6 17. f3 exf3 18. Rxf3 Ba6 19. Raf1 Rxf3 20. Bxf3 dxc4 21. Bxc6 Rd8 22. Rf2 cxb3 23. axb3 Bb7 24. Be4 Bxe4 25. Qxe4 Qg5+ 26. Kh1 Qc1+ 27. Kg2 Qg5+ 28. Kh1 Qc1+ 29. Kg2 Qg5+ 30. Kh1 Qc1+ 31. Kg2 Qg5+ 1/2-1/2

[Event "Wch U20 Girls 30th"]
[Site "Athens"]
[Date "2012.08.10"]
[Round "8"]
[White "Unapkoshvili, Nani"]
[Black "Forsaa, Elise"]
[Result "1/2-1/2"]
[WhiteElo "2011"]
[BlackElo "1836"]
[PlyCount "84"]
[EventDate "2012.08.02"]
[EventType "swiss"]
[EventRounds "13"]
[EventCountry "GRE"]
[SourceTitle "CBM 149 Extra"]
[Source "ChessBase"]
[SourceDate "2012.08.24"]
[SourceVersion "1"]
[SourceVersionDate "2012.08.24"]
[SourceQuality "1"]

1. d4 d5 2. c4 e6 3. Nf3 Be7 4. g3 Nf6 5. Bg2 0-0 6. 0-0 Nbd7 7. Qc2 b6 8. b3 Bb7 9. Nc3 Rc8 10. Ne5 c6 11. Nxd7 Qxd7 12. Rd1 Rfd8 13. e4 dxe4 14. Nxe4 c5 15. Be3 Qc7 16. Bf4 Bxe4 17. Bxe4 Bd6 18. Bxd6 Qxd6 19. dxc5 Qxc5 20. Bb7 Rb8 21. Qe2 h6 22. Bf3 Kf8 23. Qe3 Qc7 24. h4 Rbc8 25. g4 Nd7 26. g5 hxg5 27. hxg5 Qc5 28. Qf4 Ne5 29. Be4 Rd4 30. Qe3 Rxd1+ 31. Rxd1 Qxe3 32. fxe3 Ke7 33. Kf2 Rh8 34. Rg1 Rh2+ 35. Rg2 Rh4 36. Bc2 Rh3 37. Ke2 Rh1 38. Kd2 Ra1 39. a4 Rh1 40. Rg3 Rh4 41. Kc3 Kd6 42. Bd1 Kc5 1/2-1/2

[Event "Wch U20 Girls 30th"]
[Site "Athens"]
[Date "2012.08.04"]
[Round "3"]
[White "Pon, Namasivayam Krithik"]
[Black "Unapkoshvili, Nani"]
[Result "0-1"]
[WhiteElo "2119"]
[BlackElo "2011"]
[PlyCount "70"]
[EventDate "2012.08.02"]
[EventType "swiss"]
[EventRounds "13"]
[EventCountry "GRE"]
[SourceTitle "CBM 149 Extra"]
[Source "ChessBase"]
[SourceDate "2012.08.24"]
[SourceVersion "1"]
[SourceVersionDate "2012.08.24"]
[SourceQuality "1"]

1. e4 d6 2. d4 Nf6 3. Nc3 e5 4. Nf3 Nbd7 5. g4 Nxg4 6. Rg1 Ngf6 7. Bc4 h6 8. Be3 c6 9. Qd3 b5 10. Bb3 Bb7 11. 0-0-0 Qc7 12. Ne2 c5 13. Qxb5 cxd4 14. Nexd4 exd4 15. Bxd4 a6 16. Qd3 0-0-0 17. Bxf7 Nxe4 18. Nh4 Ndc5 19. Qh3+ Kb8 20. Qf5 Bc8 21. Qd5 Bb7 22. Qf5 Bc8 23. Qd5 Nf6 24. Bxf6 gxf6 25. Bg8 Rxg8 26. Qxg8 Be6 27. Qg3 Bxa2 28. b4 Ne4 29. Qe3 d5 30. f3 Nc3 31. Rd4 Nb5 32. Rd3 d4 33. Qe1 Bc4 34. Rd1 Nc3 35. Rd2 Bxb4 0-1

[Event "EU-ch U16 Girls"]
[Site "Albena"]
[Date "2011.09.18"]
[Round "7"]
[White "Unapkoshvili, Nani"]
[Black "Matisone, Dana"]
[Result "1-0"]
[WhiteElo "1990"]
[BlackElo "1607"]
[PlyCount "151"]
[EventDate "2011.09.11"]
[EventType "swiss"]
[EventRounds "9"]
[EventCountry "BUL"]
[SourceTitle "CBM 144 Extra"]
[Source "ChessBase"]
[SourceDate "2011.10.28"]
[SourceVersion "1"]
[SourceVersionDate "2011.10.28"]
[SourceQuality "1"]

1. d4 c6 2. c4 d5 3. Qc2 Nf6 4. Nf3 Bg4 5. Ne5 Bh5 6. g3 e6 7. Bg2 Nbd7 8. Nxd7 Qxd7 9. 0-0 Bg6 10. Qb3 dxc4 11. Qxc4 Be7 12. Nc3 0-0 13. e3 Rfd8 14. Ne2 Rac8 15. Nf4 c5 16. Nxg6 hxg6 17. dxc5 Rxc5 18. Qb3 Rb5 19. Qa4 a6 20. b3 Qc7 21. Qf4 Qxf4 22. exf4 Nd5 23. Bb2 Rc5 24. Rac1 b5 25. Rxc5 Bxc5 26. Rc1 Be7 27. a3 a5 28. Rc6 b4 29. a4 Rd7 30. Kf1 Bd8 31. Be5 f6 32. Rd6 Rxd6 33. Bxd6 Nc3 34. Bc5 Kf7 35. Ke1 Bc7 36. Kd2 Bd8 37. Kd3 Nb1 38. Be3 Na3 39. Kd2 Nb1+ 40. Kc2 Na3+ 41. Kc1 Bc7 42. Be4 f5 43. Bd3 Ke7 44. Kd2 Kd6 45. Bd4 Kd5 46. Ke3 e5 47. fxe5 Bxe5 48. Bxe5 Kxe5 49. f4+ Kd5 50. h3 Kc5 51. g4 fxg4 52. hxg4 g5 53. fxg5 Kd5 54. g6 Ke5 55. Be4 Ke6 56. Kd4 Kd6 57. Bf5 Kc6 58. Ke5 Kc5 59. Be4 Nc4+ 60. bxc4 Kxc4 61. Ke6 Kb3 62. Kf7 Kxa4 63. Kxg7 Ka3 64. Kf6 a4 65. g7 b3 66. g8Q Ka2 67. Qc4 a3 68. Bc2 Kb2 69. Qxb3+ Kc1 70. Bd3 Kd2 71. Qxa3 Ke3 72. Ke5 Kf2 73. Kf4 Kg2 74. Qb2+ Kh3 75. Bf1+ Kh4 76. Qh2# 1-0

[Event "EU-ch U16 Girls"]
[Site "Albena"]
[Date "2011.09.17"]
[Round "6"]
[White "Ziaziulkina, Nastassia"]
[Black "Unapkoshvili, Nani"]
[Result "1-0"]
[WhiteElo "2296"]
[BlackElo "1990"]
[PlyCount "109"]
[EventDate "2011.09.11"]
[EventType "swiss"]
[EventRounds "9"]
[EventCountry "BUL"]
[SourceTitle "CBM 144 Extra"]
[Source "ChessBase"]
[SourceDate "2011.10.28"]
[SourceVersion "1"]
[SourceVersionDate "2011.10.28"]
[SourceQuality "1"]

1. e4 d6 2. d4 Nf6 3. Nc3 e5 4. Nf3 Nbd7 5. Bc4 Be7 6. 0-0 0-0 7. Re1 a6 8. a4 b6 9. Bg5 Bb7 10. Bxf6 Bxf6 11. Nd5 c6 12. Nxf6+ Qxf6 13. d5 b5 14. dxc6 Bxc6 15. axb5 axb5 16. Rxa8 Rxa8 17. Bd5 Rc8 18. c3 Qe7 19. Bxc6 Rxc6 20. Qd3 Rb6 21. Ra1 h6 22. Nd2 Nc5 23. Ra8+ Kh7 24. Qf3 Qf6 25. Qe2 Qe7 26. b4 Ne6 27. Ra5 Qc7 28. Qe3 Rc6 29. Nb1 Qb6 30. Qf3 Ng5 31. Qd3 Rc4 32. Nd2 Rc7 33. h4 Ne6 34. g3 Rb7 35. Nf1 Qc6 36. Ne3 Nc7 37. Nd5 f5 38. f3 Nxd5 39. exd5 Qd7 40. Kg2 g6 41. Qe2 Qe8 42. Ra6 Qe7 43. Qe3 Qd8 44. Qd3 Qe7 45. Ra8 Qf7 46. Ra6 Qe7 47. Qe2 Qd8 48. c4 bxc4 49. Qxc4 Qb8 50. Qc6 Kg8 51. b5 Kf7 52. b6 Ke7 53. Qxb7+ Qxb7 54. Ra7 Qd7 55. b7 1-0

[Event "EU-ch (Women) 12th"]
[Site "Tbilisi"]
[Date "2011.05.16"]
[Round "9"]
[White "Shaydullina, Sandugach"]
[Black "Unapkoshvili, Nani"]
[Result "1/2-1/2"]
[WhiteElo "2160"]
[BlackElo "1970"]
[PlyCount "176"]
[EventDate "2011.05.07"]
[EventType "swiss"]
[EventRounds "11"]
[EventCountry "GEO"]
[SourceTitle "CBM 142 Extra"]
[Source "ChessBase"]
[SourceDate "2011.06.27"]
[SourceVersion "1"]
[SourceVersionDate "2011.06.27"]
[SourceQuality "1"]

1. d4 d5 2. c4 e6 3. Nc3 Nf6 4. cxd5 exd5 5. Bg5 c6 6. e3 Bf5 7. Qf3 Bg6 8. Bxf6 Qxf6 9. Qxf6 gxf6 10. Nge2 Bd6 11. h4 h5 12. g3 Bf5 13. Nf4 Bg4 14. Bg2 Na6 15. a3 Nc7 16. f3 Bd7 17. Kf2 f5 18. Rhe1 0-0-0 19. b4 a6 20. Na4 Kb8 21. Nb6 Be6 22. Nxe6 fxe6 23. f4 Ne8 24. Bf3 Nf6 25. Rab1 Rdg8 26. Na4 Rh7 27. Nc3 Rhg7 28. Ne2 b5 29. Rec1 Rc8 30. Rc3 a5 31. bxa5 Ra7 32. Nc1 Rxa5 33. Rbb3 Ne4+ 34. Bxe4 fxe4 35. Kg2 Kb7 36. Na2 Rca8 37. g4 hxg4 38. Nb4 Bxb4 39. axb4 Ra1 40. Rc2 Rh8 41. Rbc3 Rc8 42. Rc1 Ra2+ 43. R1c2 Ra1 44. Rc1 Ra2+ 45. R1c2 Ra4 46. Rb2 Ra1 47. h5 Rh8 48. Rbc2 Ra6 49. Kg3 Rxh5 50. Kxg4 Rh1 51. Kg5 Kc7 52. f5 exf5 53. Kxf5 Rb1 54. Rc5 Kb7 55. Rh2 Ra8 56. Rh7+ Kb6 57. Rh6 Rf8+ 58. Ke5 Rc8 59. Rxd5 Re8+ 60. Kf4 Rf1+ 61. Kg3 Rg8+ 62. Kh2 Rgg1 63. Rdd6 Rh1+ 64. Kg2 Rhg1+ 65. Kh2 Rh1+ 66. Kg2 Rhg1+ 67. Kh2 Rh1+ 68. Kg2 Rhg1+ 69. Kh2 Rh1+ 70. Kg2 Rhg1+ 71. Kh2 Rh1+ 72. Kg3 Rf3+ 73. Kg2 Rxh6 74. Rxh6 Rxe3 75. d5 Rc3 76. Kf2 Kc7 77. dxc6 Rxc6 78. Rh7+ Kb6 79. Ke3 Rc4 80. Rh6+ Kc7 81. Rh7+ Kd6 82. Rh6+ Ke7 83. Rh4 Rxb4 84. Rxe4+ Rxe4+ 85. Kxe4 Kd6 86. Kd4 Kc6 87. Kc3 Kc5 88. Kb3 b4 1/2-1/2

[Event "EU-ch (Women) 12th"]
[Site "Tbilisi"]
[Date "2011.05.10"]
[Round "4"]
[White "Unapkoshvili, Nani"]
[Black "Skrabakova, Katarina"]
[Result "1-0"]
[WhiteElo "1970"]
[BlackElo "2071"]
[PlyCount "97"]
[EventDate "2011.05.07"]
[EventType "swiss"]
[EventRounds "11"]
[EventCountry "GEO"]
[SourceTitle "CBM 142 Extra"]
[Source "ChessBase"]
[SourceDate "2011.06.27"]
[SourceVersion "1"]
[SourceVersionDate "2011.06.27"]
[SourceQuality "1"]

1. d4 d5 2. c4 e6 3. Nf3 Nf6 4. g3 g6 5. Bg2 Bg7 6. 0-0 0-0 7. Qc2 c6 8. Rd1 Nbd7 9. b3 Re8 10. Nc3 Nb6 11. Qd3 Qe7 12. e4 dxe4 13. Nxe4 Nxe4 14. Qxe4 Nd7 15. Bb2 c5 16. Ba3 Rb8 17. Rab1 b6 18. dxc5 Nxc5 19. Qe3 Bb7 20. Rd2 Rbd8 21. Rbd1 Qc7 22. Qg5 Rxd2 23. Qxd2 Bf6 24. h3 Rd8 25. Qe2 Ne4 26. Rxd8+ Qxd8 27. Bb2 Nc3 28. Bxc3 Bxc3 29. Ne5 Bxg2 30. Kxg2 Qd6 31. Ng4 Qc6+ 32. Kh2 Bg7 33. Qd3 Qc7 34. Qe4 h5 35. Ne3 Be5 36. Nc2 Qc5 37. Kg2 a5 38. Ne1 Bf6 39. Nd3 Qa3 40. Qe3 Qd6 41. Qe4 Kg7 42. Nf4 Bd4 43. Ne2 Bc5 44. Nc3 Qd2 45. Qe5+ Kh7 46. Ne4 Bd4 47. Qc7 Qxa2 48. Qxf7+ Kh8 49. Ng5 1-0

[Event "EU-ch (Women) 12th"]
[Site "Tbilisi"]
[Date "2011.05.08"]
[Round "2"]
[White "Unapkoshvili, Nani"]
[Black "Ozturk Orenli, Kubra"]
[Result "0-1"]
[WhiteElo "1970"]
[BlackElo "2262"]
[PlyCount "128"]
[EventDate "2011.05.07"]
[EventType "swiss"]
[EventRounds "11"]
[EventCountry "GEO"]
[SourceTitle "CBM 142 Extra"]
[Source "ChessBase"]
[SourceDate "2011.06.27"]
[SourceVersion "1"]
[SourceVersionDate "2011.06.27"]
[SourceQuality "1"]

1. d4 d5 2. g3 Nf6 3. Bg2 c6 4. Nf3 Bg4 5. c4 e6 6. 0-0 Be7 7. Qb3 Qb6 8. c5 Qxb3 9. axb3 Nbd7 10. Nc3 0-0 11. b4 a6 12. Bf4 Ne4 13. h3 Bh5 14. g4 Bg6 15. Ne5 Nxe5 16. Nxe4 dxe4 17. Bxe5 f6 18. Bf4 f5 19. e3 Bf7 20. g5 Bh5 21. Rfe1 Kf7 22. h4 h6 23. gxh6 gxh6 24. Bg3 Rg8 25. Kh2 Bf6 26. Rg1 Bg4 27. Rh1 Rae8 28. Bf1 Bf3 29. Rg1 Rg4 30. Bh3 Rg7 31. Rac1 Be2 32. Rc2 Bd3 33. Rd2 Reg8 34. Rdd1 Be2 35. Rd2 Bg4 36. Bf1 Bf3 37. Bh3 Bg4 38. Bf1 Kg6 39. Bc4 Re8 40. Rh1 Kh5 41. Kg1 Bf3 42. Rh3 e5 43. dxe5 Bxe5 44. Kh2 Bg4 45. Bxe5 Rxe5 46. Rg3 Kxh4 47. Rd4 a5 48. Rd6 axb4 49. Rxh6+ Kg5 50. Rd6 Rxc5 51. b3 f4 52. exf4+ Kxf4 53. Rh6 Rcg5 54. Rh8 Bf3 55. Rh4+ Ke5 56. Rhh3 Rxg3 57. Rxg3 Rh7+ 58. Rh3 Rxh3+ 59. Kxh3 b5 60. Bf7 c5 61. Kh4 Kd4 62. Kg5 c4 63. bxc4 bxc4 64. Kf4 b3 0-1

[Event "Wch U16 Girls"]
[Site "Porto Carras"]
[Date "2010.10.21"]
[Round "2"]
[White "Gagare, Shalmali"]
[Black "Unapkoshvili, Nani"]
[Result "1-0"]
[WhiteElo "2110"]
[BlackElo "1974"]
[PlyCount "39"]
[EventDate "2010.10.20"]
[EventType "swiss"]
[EventRounds "11"]
[EventCountry "GRE"]
[SourceTitle "EXT 2011"]
[Source "ChessBase"]
[SourceDate "2010.11.26"]
[SourceVersion "1"]
[SourceVersionDate "2010.11.26"]
[SourceQuality "1"]

1. Nf3 d5 2. c4 d4 3. g3 c5 4. Bg2 Nc6 5. d3 e5 6. 0-0 Bd6 7. a3 f5 8. b4 cxb4 9. Qc2 Qe7 10. e3 Bc5 11. exd4 Bxd4 12. Bb2 Qd6 13. Nxd4 exd4 14. axb4 Nge7 15. b5 Ne5 16. c5 Qd7 17. Re1 N5g6 18. c6 Qc7 19. cxb7 Qxc2 20. bxa8Q 1-0

[Event "EU-ch U16 Girls"]
[Site "Batumi"]
[Date "2010.09.24"]
[Round "6"]
[White "Leks, Maria"]
[Black "Unapkoshvili, Nani"]
[Result "1-0"]
[WhiteElo "2052"]
[BlackElo "1974"]
[PlyCount "77"]
[EventDate "2010.09.20"]
[EventType "swiss"]
[EventRounds "9"]
[EventCountry "GEO"]
[SourceTitle "CBM 138 Extra"]
[Source "ChessBase"]
[SourceDate "2010.10.29"]
[SourceVersion "1"]
[SourceVersionDate "2010.10.29"]
[SourceQuality "1"]

1. e4 d6 2. d4 Nf6 3. Nc3 e5 4. Nf3 Nbd7 5. Bc4 Be7 6. 0-0 0-0 7. Re1 c6 8. a4 a5 9. h3 h6 10. Be3 Qc7 11. Ba2 Re8 12. Nd2 Nf8 13. Nc4 N6d7 14. Qf3 Bf6 15. d5 b5 16. axb5 cxd5 17. Nxd5 Qb8 18. b6 Ne6 19. Rad1 Rd8 20. Nxd6 Nd4 21. Bxd4 Qxd6 22. Be3 Rb8 23. Nxf6+ Qxf6 24. Qxf6 gxf6 25. Rd6 Re8 26. Bc4 Kg7 27. Bb5 Re7 28. Red1 Nf8 29. Rd8 Ne6 30. R8d6 h5 31. c4 Bb7 32. f3 Rc8 33. Rd7 Rxd7 34. Rxd7 Nd8 35. c5 Kg6 36. Rxb7 Nxb7 37. Ba6 Rb8 38. Bxb7 Rxb7 39. c6 1-0

[Event "Wch U20 Girls 28th"]
[Site "Chotowa"]
[Date "2010.08.16"]
[Round "13.36"]
[White "Unapkoshvili, Nani"]
[Black "Cyboran, Katarzyna"]
[Result "1-0"]
[WhiteElo "1997"]
[BlackElo "1777"]
[PlyCount "73"]
[EventDate "2010.08.03"]
[EventType "swiss"]
[EventRounds "13"]
[EventCountry "POL"]
[SourceTitle "EXT 2023"]
[Source "ChessBase"]
[SourceDate "2022.10.05"]
[SourceVersion "1"]
[SourceVersionDate "2022.10.05"]
[SourceQuality "1"]

1. d4 e6 2. c4 f5 3. g3 Nf6 4. Bg2 d5 5. Qc2 c6 6. Nh3 Bd6 7. 0-0 0-0 8. Bf4 Bxf4 9. Nxf4 Qe7 10. Nd2 Nbd7 11. Nf3 Ne4 12. Nd3 g5 13. Nfe5 Qg7 14. Rad1 Ndf6 15. c5 Ne8 16. f3 N4f6 17. Nf2 Nd7 18. Nxd7 Bxd7 19. b4 Nc7 20. Qb2 Rae8 21. Nd3 Kh8 22. Ne5 Rg8 23. Qd2 Ref8 24. a4 Be8 25. f4 g4 26. Kf2 h5 27. Qe3 Rf6 28. Rh1 Rh6 29. h3 gxh3 30. Bxh3 Bf7 31. Bg2 Ne8 32. Rh2 Nf6 33. Bf3 Kh7 34. b5 Be8 35. Rb1 Ng4+ 36. Bxg4 hxg4 37. Rbh1 1-0

[Event "Wch U20 Girls 28th"]
[Site "Chotowa"]
[Date "2010.08.13"]
[Round "10"]
[White "Misovic, Sanja"]
[Black "Unapkoshvili, Nani"]
[Result "1-0"]
[WhiteElo "1907"]
[BlackElo "1997"]
[PlyCount "117"]
[EventDate "2010.08.03"]
[EventType "swiss"]
[EventRounds "13"]
[EventCountry "POL"]
[SourceTitle "CBM 137 Extra"]
[Source "ChessBase"]
[SourceDate "2010.09.01"]
[SourceVersion "1"]
[SourceVersionDate "2010.09.01"]
[SourceQuality "1"]

1. d4 d6 2. c4 e5 3. Nf3 e4 4. Nfd2 f5 5. g3 g6 6. Bg2 Bg7 7. e3 Nf6 8. Nc3 0-0 9. 0-0 Kh8 10. b4 c6 11. a4 Be6 12. b5 c5 13. Ne2 Nbd7 14. Bb2 Rc8 15. Rc1 Qe7 16. h3 Rfd8 17. Nf4 Bf7 18. Qb3 g5 19. Ne2 d5 20. Qa3 Qf8 21. cxd5 Bxd5 22. Rfd1 b6 23. dxc5 Nxc5 24. Nd4 Nfd7 25. g4 fxg4 26. hxg4 Nd3 27. Qxf8+ Rxf8 28. Rxc8 Rxc8 29. Ba3 N7c5 30. Nc6 Re8 31. Nxe4 Bb3 32. Rd2 Bxa4 33. Nxc5 Nxc5 34. Bxc5 bxc5 35. Nxa7 Bc3 36. Rd5 Bb4 37. Rxg5 c4 38. Nc6 Ba3 39. Nd4 c3 40. b6 c2 41. Nxc2 Bxc2 42. b7 Bd6 43. Rd5 Bb8 44. Rc5 Bg6 45. Rc8 Kg7 46. f4 Rg8 47. Bd5 Bf7 48. Bxf7 Kxf7 49. Kf2 Re8 50. Kf3 Ke7 51. f5 Kd7 52. Rxe8 Kxe8 53. g5 Ke7 54. Kg4 Kf7 55. Kh5 Kg7 56. f6+ Kg8 57. Kh6 Bd6 58. f7+ Kxf7 59. Kxh7 1-0

[Event "Wch U20 Girls 28th"]
[Site "Chotowa"]
[Date "2010.08.12"]
[Round "9"]
[White "Unapkoshvili, Nani"]
[Black "Jablonska, Sabina"]
[Result "0-1"]
[WhiteElo "1997"]
[BlackElo "1876"]
[PlyCount "62"]
[EventDate "2010.08.03"]
[EventType "swiss"]
[EventRounds "13"]
[EventCountry "POL"]
[SourceTitle "CBM 137 Extra"]
[Source "ChessBase"]
[SourceDate "2010.09.01"]
[SourceVersion "1"]
[SourceVersionDate "2010.09.01"]
[SourceQuality "1"]

1. Nf3 d5 2. d4 Nf6 3. g3 g6 4. c4 c6 5. Bg2 Bg7 6. 0-0 0-0 7. Qb3 Qb6 8. Nc3 Be6 9. c5 Qxb3 10. axb3 Ne4 11. h3 Nd7 12. b4 Nxc3 13. bxc3 Bf5 14. Bf4 Be4 15. Ra5 Bxf3 16. Bxf3 e5 17. Be3 a6 18. Rd1 f5 19. Bg5 Rae8 20. Bc1 h6 21. e3 g5 22. c4 dxc4 23. d5 e4 24. Bh5 Rd8 25. dxc6 bxc6 26. Be2 Ne5 27. Rxa6 c3 28. f4 exf3 29. Rxd8 Rxd8 30. Bf1 Rd1 31. Ba3 c2 0-1

[Event "Wch U20 Girls 28th"]
[Site "Chotowa"]
[Date "2010.08.11"]
[Round "8"]
[White "Saric, Zrinka"]
[Black "Unapkoshvili, Nani"]
[Result "1-0"]
[WhiteElo "2061"]
[BlackElo "1997"]
[PlyCount "98"]
[EventDate "2010.08.03"]
[EventType "swiss"]
[EventRounds "13"]
[EventCountry "POL"]
[SourceTitle "CBM 137 Extra"]
[Source "ChessBase"]
[SourceDate "2010.09.01"]
[SourceVersion "1"]
[SourceVersionDate "2010.09.01"]
[SourceQuality "1"]

1. e4 d6 2. d4 Nf6 3. Nc3 e5 4. Nf3 Nbd7 5. Bc4 Be7 6. 0-0 0-0 7. Re1 c6 8. a4 a5 9. b3 h6 10. Bb2 Qc7 11. Qd2 Re8 12. Rad1 Nf8 13. dxe5 dxe5 14. Nh4 Be6 15. Bd3 Nh5 16. Nf5 Bg5 17. Qe2 Nf4 18. Qf3 Nxd3 19. Rxd3 Red8 20. Red1 Rxd3 21. Rxd3 Rd8 22. Ne2 Rd7 23. h4 Bf6 24. Nxh6+ Kh7 25. Ng4 Bxg4 26. Qxg4 Rxd3 27. cxd3 Qd8 28. Qf3 Kg8 29. g3 Qb6 30. Nc1 Ne6 31. Qd1 Nc5 32. Bc3 Qd8 33. Qc2 Ne6 34. Ne2 b6 35. Qb2 Qxd3 36. Kg2 Qxe4+ 37. f3 Qd5 38. b4 e4 39. Ng1 exf3+ 40. Nxf3 Bxc3 41. Qxc3 axb4 42. Qxb4 Nd4 43. Qxd4 Qxd4 44. Nxd4 c5 45. Nf5 Kf8 46. Kf3 g6 47. Nd6 Ke7 48. Nc8+ Kd7 49. Nxb6+ Kc6 1-0